000 00695nam a2200205 a 4500
003 OSt
005 20240226093634.0
008 180308t2012 pk | |||| 00| 0 urd d
020 _a9780199407293
040 _c0
082 _a891.55301
_bLAK 2012
100 1 0 _aلکھنوی،مرزاامان علی خاں غالب
_9121270
245 1 0 _aداستان اميرحمزا
_cNawab Mirza Aman Ali Khan Laknaw
246 _aDastan E Amir Hamza
260 _aKarachi:
_bOxford University Press;
_c2012.
300 _a533 p.
650 _apersian short stories
_9121271
942 _2ddc
_cBK
_aSADA
_k891.55301 LAK 2012
999 _c608115
_d608115